Vivir en Marruecos; (Record no. 5228)

MARC details
000 -LEADER
campo de control de longitud fija 01494nam a22003617a 4500
003 - IDENTIFICADOR DE NÚMERO DE CONTROL
campo de control BO-EaUP
005 - FECHA Y HORA DE LA ÚLTIMA TRANSACCIÓN
campo de control 20250616153745.0
008 - DATOS DE LONGITUD FIJA--INFORMACIÓN GENERAL
campo de control de longitud fija 250616b |||||||| |||| 00| 0 eng d
020 ## - NÚMERO INTERNACIONAL ESTÁNDAR DEL LIBRO
Número Internacional Estándar del Libro 3-8228-1878-x
040 ## - FUENTE DE CATALOGACIÓN
Centro catalogador/agencia de origen BO-EaUP
Lengua de catalogación spa
Centro/agencia transcriptor Biblioteca de Arquitectura
Normas de descripción RDA
041 ## - CÓDIGO DE IDIOMA
Código de lengua del texto/banda sonora o título independiente spa
Código de lengua original Germany
043 ## - CÓDIGO DE ÁREA GEOGRÁFICA
Código de área geográfica e-sp
082 ## - NÚMERO DE LA CLASIFICACIÓN DECIMAL DEWEY
Número de edición 1
Número de clasificación 712.02
092 ## - ASIGNACIÓN LOCAL DE SIGNATURA TOPOGRÁFICA DEWEY (OCLC)
Número de clasificación 712.02
Signatura Librística ST872v.
100 ## - ENTRADA PRINCIPAL--NOMBRE DE PERSONA
Nombre de persona Barbara Renè Stoeltie
Títulos y otros términos asociados al nombre Ing.
Término indicativo de función/relación Autor
9 (RLIN) 5929
242 ## - TÍTULO TRADUCIDO POR EL CENTRO/AGENCIA CATALOGADOR
Título Vivir en Marruecco;
245 ## - MENCIÓN DEL TÍTULO
Título Vivir en Marruecos;
Mención de responsabilidad, etc. Stoeltie Barbara Rene
250 ## - MENCION DE EDICION
Mención de edición Primera Ediciòn;
260 ## - PUBLICACIÓN, DISTRIBUCIÓN, ETC.
Lugar de publicación, distribución, etc. 2003
300 ## - DESCRIPCIÓN FÍSICA
Extensión 280 paginas;
Otras características físicas Fotos; Figuras; Ilustraciones;
Dimensiones 26 x 30 centimetros
336 ## - TIPO DE CONTENIDO
Fuente rda contenido
Término de tipo de contenido texto
Código de tipo de contenido txt
337 ## - TIPO DE MEDIO
Fuente rdamedia
Nombre/término del tipo de medio no mediado
Código del tipo de medio n
338 ## - TIPO DE SOPORTE
Fuente rdacarrier
Nombre/término del tipo de soporte volumen
Código del tipo de soporte nc
500 ## - NOTA GENERAL
Nota general Traduccion Original en Germany "Vivir en Marruecos"
505 ## - NOTA DE CONTENIDO CON FORMATO
Nota de contenido con formato 1. AMANJENA Marrakech - Menara;
505 ## - NOTA DE CONTENIDO CON FORMATO
Nota de contenido con formato 2. BLED ROKNINE Christine et Abdelaziz Alaoui Marrakech - La Palmeraie;
505 ## - NOTA DE CONTENIDO CON FORMATO
Nota de contenido con formato ELIE MOUYAL Marrakech - La Palmeraie;
505 ## - NOTA DE CONTENIDO CON FORMATO
Nota de contenido con formato BILL WILLIS Marrakech - Sidi Bel Abbes;
505 ## - NOTA DE CONTENIDO CON FORMATO
Nota de contenido con formato LE PALAIS AYADI Marrakech - Bab - el Khemis
520 ## - RESUMEN, ETC.
Sumario, etc. Nada de lo contenido en este rincon excepcional recuerda a la idea que tenemos de un hotel. Situado a varios Kilómetros de Marrakech, el Amanjena - cuyo nombre esta compuesto por las palabras "Aman", del indonesio, que significa "apacible".
700 ## - ENTRADA AGREGADA--NOMBRE PERSONAL
Nombre de persona Angelika Taschen
Término indicativo de función/relación Autor
9 (RLIN) 5930
942 ## - ELEMENTOS DE ENTRADA SECUNDARIOS (KOHA)
Fuente del sistema de clasificación o colocación Clasificación Decimal Dewey
Suprimir en OPAC No
Tipo de ítem Koha Libros
Edición 1
Holdings
Estatus retirado Estado de pérdida Fuente del sistema de clasificación o colocación Estado de daño No para préstamo Colección Biblioteca de origen Biblioteca actual Ubicación en estantería Fecha de adquisición Número de inventario Signatura topográfica completa Código de barras Visto por última vez Precio de reemplazo Tipo de ítem Koha
    Clasificación Decimal Dewey     Tecnología (Ciencias Aplicadas) Biblioteca Especializada de Arquitectura Biblioteca Especializada de Arquitectura Ingeniería 16/06/2025 20UPEA-SBAOA06-0020 720.1.9 M 20UPEA-SBAOA06-0020 16/06/2025 16/06/2025 Libros